World Capitals Overshadowed by Foreign Cities - Statistics

General Stats
  • This quiz has been taken 133 times
  • The average score is 12 of 24
Answer Stats
Capital/City % Correct
Rome
88%
Vatican City
88%
Vienna
70%
Vaduz
69%
Brazzaville
66%
Kinshasa
66%
Bratislava
65%
Monaco
60%
Zurich
58%
Tallinn
51%
Andorra la Vella
50%
Barcelona
50%
Helsinki
50%
Lagos
47%
Lagos
47%
Jerusalem
44%
Amman
42%
Beirut
42%
Porto-Novo
41%
Damascus
38%
Turin
37%
Cotonou
29%
Malabo
24%
Douala
18%
No matching quizzes found
Score Distribution
Percent of People with Each Score
Percentile by Number Answered
Your Score History
You have not taken this quiz